Super-vilains et coéquipiers de Batman - Statistiques

Statistiques générales
  • Ce quiz a été pris 232 fois
  • Le résultat moyen est 25 sur 70
Statistiques - réponses
Types Apparitions Super-vilain % Correct
Vilains The Batman/Joker/Suicide Squad... Joker
98%
Vilains Batman 90 Joker/Joker Jr
98%
Vilains Comics Joker/Joker's Daughter
98%
Vilains Dark Knight Rises/Batman& Robin Bane
87%
Héros Teen Titans/Batman&Robin/Batman 90... Robin
87%
Vilains The Suicide Squad/Birds of Prey/Suicide Squad... Harley Quinn
84%
Vilains The Batman/Dark Knight Rises/Le Défi... Catwoman
80%
Vilains Dark Knight/Forever/Batman 90... Two Face/Double Face/Pile ou Face
79%
Vilains The Batman/Le Défi/Batman 90... Penguin/Pingouin
75%
Vilains Batman&Robin/Batman 90/Lego Batman... Poison Ivy
74%
Héroïne Lego Batman Batgirl
71%
Vilains Begins Ra s Al ghul
69%
Vilains Suicide Squad/Batman 90 Killer Croc
66%
Vilains The Batman/Forever/Lego Batman... Riddler/Sphinx
66%
Héros Batman&Robin/Batman 90/Teen Titans... Nightwing
65%
Anti-Heros Comics Red Hood
63%
Vilains Suicide Squad Deadshot
61%
Vilains Dark Knight/Batman 90/Batman Lego Scarecrow/Epouvantail
61%
Héros The Batman/Dark Knight Rises/Dark Knight... Pennyworth Alfred/Alfred
58%
Héros The Batman/Dark Knight Rises/Dark Knight... Gordon/James Gordon
56%
Vilains Batman&Robin/Batman 90 Mister Freeze
55%
Vilains Batman VS Superman/Teen Titans Deathstroke
53%
Vilains Comics Gordon/James Gordon Jr
53%
Vilains Lego Batman/Batman 90 Clayface/Gueule d'argile
50%
Vilains Begins Talia/Talia Al Ghul
49%
Héros Batman/Le Défi/Forever... Batman
48%
Héros Comics Batman/Thomas Wayne
48%
Vilains Batman Lego/Batman 90 Man Bat
45%
Héroïne Comics Batwoman
44%
Vilains Birds of Prey Black Mask
36%
Vilains The Batman Falcone/Carmine Falcone
35%
Vilains Comics/Teen Titans Firefly
34%
Vilains Comics Hush/Silence
32%
Héros Comics Red Robin
32%
Vilains Comics Mad Hatter/Chapelier Fou
31%
Vilains Comics Strange/Hugo Strange
31%
Héros Begins/Dark Knight/Dark Knight Rises Fox/Lucius Fox
27%
Vilains The Batman Maroni/Salvatore Maroni
25%
Vilains Comics Solomon Grundy
23%
Vilains Comics Azrael
22%
Héroïne Birds of Prey Huntress
22%
Vilains Batman Lego Calendar man
21%
Vilains Lego Batman/Teen Titans Killer Moth
18%
Héros Comics Bullock/Harvey Bullock
13%
Vilains Comics Lady Shiva/Shiva
13%
Groupe Birds of Prey Birds of Prey
11%
Vilains Comics Arkham
10%
Héros Comics Batwing
10%
Groupe Comics Court of Owls/Cour des Hiboux
10%
Anti-Heros Jonah Hex Hex/Jonah Hex
9%
Groupe Begins/Dark Knight Rises League of Assassins/Ligue des Assassins
9%
Vilains Comics Professor Pyg
8%
Vilains Comics Talon/Ergot
8%
Héros Comics Batman Beyond
6%
Vilains Comics Owlman
6%
Héros Comics Signal/Duke Thomas
6%
Vilains Comics Bat mite
5%
Vilains Comics Batman who laughs
4%
Vilains Lego Batman Kite man
4%
Vilains Comics Blockbuster
3%
Vilains Birds of Prey Mister Zsasz
3%
Héros Comics Black Lightning
1%
Vilains Comics Creeper
1%
Héroïne Comics Gotham Girl
1%
Héros Comics Lightning Lad
1%
Vilains Comics Punchline
1%
Vilains Lego Batman Signal man
1%
Vilains Batman 90 Ventriloquist ans scareface/Ventriloque et scarface
1%
Vilains Lego Batman Zebra man
1%
Vilains Comics Other/Autre
0%
Aucun quiz correspondant
Distribution des résultats
% des personnes avec chaque résultat
Percentile par nombre de réponses
Votre historique - résultats
Vous n’avez pas pris ce quiz